| 000 | 01461nam a2200301 c 4500 | ||
|---|---|---|---|
| 003 | BLK | ||
| 005 | 20180718111818.0 | ||
| 008 | 180407b bul|||||r ||||||| ||bul|| | ||
| 010 | _aKNG00033041000 | ||
| 020 |
_a954-07-0641-6 _bиздат.: Унив. изд. Св. Климент Охридски |
||
| 040 | _aBLK | ||
| 041 |
_aBUL _cBUL |
||
| 080 |
_aФизика на отделните молекули - Структура, конфигурация, вътрешномолекулна механика, молекулни спектри, взаимодействие на молекулите с атомите и помежду си, макромолекули. Вж и 541. 2; 535. 33 _b539.19 _x(075.8) _z539.19(075.8) |
||
| 100 | 1 |
_aТютюлков, Николай Николаев _eпърви автор _9270818 |
|
| 139 |
_aТютюлков, Николай Николов _bТ 98 |
||
| 245 | 1 | 0 |
_aСтроеж на молекулите _bУчебник за студентите на Соф. унив. _cНиколай Николаев Тютюлков. |
| 250 | _a3. изд | ||
| 257 | _aBGR | ||
| 260 |
_аСофия _bУнив. изд. Св. Климент Охридски _c1995 |
||
| 300 |
_a207 с. _bсъс сх. _c23 см |
||
| 380 | _a5 | ||
| 500 | _aДеп. списък: дарение | ||
| 852 | _aЦб 205479 | ||
| 856 | 4 |
_qpdf _u |
|
| 856 | 4 |
_qpdf _u |
|
| 942 |
_cKNG _n0 _01 |
||
| 944 |
_aCR _c15.01.2003 _kКети_Илиева |
||
| 944 |
_aED _c01.09.2006 _k |
||
| 999 |
_c30408 _d30408 |
||